Deutsches Alphabet (Buchstabiertafel) - Statistiken

Allgemein
  • Dieses Quiz wurde 100 mal gespielt
  • Das Durchschnittsergebnis liegt bei 13 aus 26
Antwortstatistiken
Hint Antwort % Korrekt
A Anton
88%
B Berta
79%
E Emil
69%
O Otto
67%
D Dora
64%
C Cäsar
62%
G Gustav
60%
N Nathan / Nordpol
60%
I Ida
59%
F Friedrich
58%
L Ludwig
53%
R Richard
52%
H Heinrich
51%
T Theodor
51%
P Paula
47%
S Samuel / Siegfried
46%
M Martha
41%
U Ulrich
40%
W Wilhelm
37%
Y Ypsilon
37%
V Viktor
35%
K Kaufmann
30%
J Julius
28%
X Xanthippe
26%
Z Zacharias
26%
Q Quelle
25%
Keine übereinstimmenden Quizze gefunden
Verteilung der Resultate
Anzahl Personen mit jedem Resultat
Perzentil nach korrekt beantworteten Fragen
Ihre Resultats-Entwicklung
Sie haben dieses Quiz noch nicht gespielt